Statistiken für Zerteiltes Deutschland: Bistümer

Klicken Sie hier um das Quiz zu spielen!

Allgemein

  • Dieses Quiz wurde 103 mal gespielt
    (102 seit der letzten Aktualisierung)
  • Das Durchschnittsergebnis liegt bei 15 aus 27

Antwortstatistiken

Bistum% Korrekt
Köln
90%
Berlin
85%
Hamburg
81%
Mainz
75%
Münster
75%
Aachen
74%
Freiburg
73%
Augsburg
70%
Bamberg
67%
Regensburg
65%
Erfurt
63%
Trier
63%
Würzburg
62%
Essen
59%
Fulda
59%
Limburg
59%
Osnabrück
57%
Magdeburg
54%
Speyer
54%
Paderborn
51%
Passau
51%
München und Freising
41%
Hildesheim
38%
Eichstätt
23%
Görlitz
20%
Dresden-Meißen
16%
Rottenburg-Stuttgart
16%

Verteilung der Resultate

Perzentil nach korrekt beantworteten Fragen

Anzahl Personen mit jedem Resultat

Ihre Resultats-Entwicklung

Sie haben dieses Quiz seit der letzten Aktualisierung nicht gespielt